000 00338nam a2200145Ia 4500
008 230312s9999||||xx |||||||||||||| ||und||
020 _a1-8615-2915-2
082 _a720.19
_bPAL-H
100 _aPalladino;Leo
245 0 _aHairdressing
260 _bMacmillan
_asingapore
_c2005
300 _a323
650 _aArchitecture
942 _cBK
999 _c11619
_d11619